000 00783cam a2200229 a 4500
001 16806466
003 OSt
005 20150925112118.0
008 110602s2012 dcua b 001 0 eng
010 _a 2011023259
020 _a9780867186772 (pbk. : alk. paper)
040 _aSEKU
050 0 0 _aHD 9715
_b.U52N3
110 _aNational Association of Home Builders (U.S.)
245 0 0 _aSurvive and thrive in building :
_bfundamentals of business management.
260 _aWashington, DC :
_bNational Association of Home Builders,
_cc2012.
300 _axi, 312 p. :
_bill. ;
_c26 cm.
650 0 _aConstruction industry
_zUnited States
_xManagement.
650 0 _aBuilding trades
_zUnited States
_xManagement.
650 0 _aHouse construction
_zUnited States.
942 _2lcc
_cGEN
999 _c9214
_d9214